000 01312nam a2200265Ia 4500
999 _c39567
_d39567
001 6166
003 GE_BSU
005 20191218113400.0
008 181216s1971||||ge |||||||||||||| ||geo||
040 _cGE_BSU
041 _ageo
080 _a821.353.1-31 გ-42
100 _aგეწაძე, აკაკი.
_95853
245 _aმუზარადში ამოსული ყვავილი : [ თეთრ წყვდიადში. ბარაკონის ციხესთან.] :
_bრომანი, მოთხრობები /
_cაკაკი გეწაძე ; რედ. გ. შაჰნაზარი ; მხატვ. ა. კაკაბაძე.
264 _aთბილისი :
_bსაბჭ. საქართველო,
_c1971.
300 _a443 გვ. ;
_c20 სმ.
653 _aთეთრ წყვდიადში
653 _aბარაკონის ციხესთან
653 _aმუზარადში ამოსული ყვავილი
653 _aრომანი
653 _aმოთხრობები
700 _aშაჰნაზარი, გ.
_eრედაქტორი
_95854
700 _aკაკაბაძე, ა.
_eმხატვარი
_95855
942 _cBK
_2udc